Adaptación al cambio climático y salud ambiental : (Registro nro. 8033)

Detalles MARC
000 -CABECERA
Campo de control 00630nmm a22001817a 4500
005 - FECHA Y HORA DE LA ULTIMA TRANSACCION
Campo de control 20131212095822.0
008 - ELEMENTOS DE LONGITUD FIJA—INFORMACION GENERAL
Campo de control 131212b2012 ck ||||| |||| 00| 0 spa d
041 ## - IDIOMA
Código de idioma para texto/pista de sonido o título separado Español
044 ## - PAÍS DE PUBLICACIÓN
País de publicación Colombia
090 ## - CLASIFICACIÓN LOCAL
Colección LB
Consecutivo 05850
110 ## - ASIENTO PRINCIPAL--NOMBRE CORPORATIVO
Nombre corporativo o de jurisdicción como elemento de entrada Organización Panamericana de la Salud
245 ## - MENCION DE TITULO
Título Adaptación al cambio climático y salud ambiental :
Parte restante del título Congreso de salud ambiental
260 ## - PUBLICACION, DISTRIBUCION, ETC. (PIE DE IMPRENTA)
Lugar de publicación, distribución, etc. Bogotá
Nombre del editor, distribuidor, etc. Organización Panamericana de la Salud
-- Ministerio de Salud y Protección Social
Fecha de publicación, distribución, etc. 2012
300 ## - DESCRIPCION FISICA
Extensión 3 días,
Otros detalles físicos il., imágenes
Dimensiones 13 cm
505 ## - NOTA DE CONTENIDO
Nota de contenido Incluye contenido<br/>
710 ## - ASIENTO SECUNDARIO - NOMBRE CORPORATIVO
Nombre corporativo o de jurisdicción como elemento de entrada Alcaldía Mayor de Bogotá
942 ## - ELEMENTOS ADICIONALES (KOHA)
Sistema de clasificación Local
Tipo de ítem CD-ROM
Existencias
Withdrawn status Lost status Sistema de Clasificación Damaged status No para préstamo Colección Ubicación Permanente Ubicación actual Fecha de adquisición Total Checkouts Número topográfico Inventario / Código de Barras Date last seen Ejemplar Price effective from Forma de adquisición Tipo de material
    Local     Audiovisual Bogotá Bogotá 12/12/2013   LB-05850 058505 12/12/2013 Ej. 1 12/12/2013   CD-ROM
    Local     Audiovisual Bogotá Bogotá 12/12/2013   LB-05850 058506 12/12/2013 Ej. 2 12/12/2013   CD-ROM